000 00885nam a22002657a 4500
005 20100820102711.0
010 _aENG-101036
020 _c100.00
035 _aEN-84569
037 _bDBAD/PUB
082 _a620.144
100 _aAmbika, R.
_916602
245 _aTernary MoO3-B2O3-K2O glasses /
_cby R. Ambika
260 _aChennai
_bParkar
_c2006
270 _a293, Ahamed Complex, 2nd Floor Royapettah High Road, Royapettah
_bChennai
_e600014
300 _a77 p.
_b24 cm (Pbk)
500 _aIncludes bibliographical references
650 _aFlvoride glasses
_916603
650 _aMatallic glasses
_916604
650 _aOptical glasses
_916605
700 _915115
700 _915135
942 _2ddc
_cEN
_h620.144
_mAMB
999 _c42648
_d42648